Crossing Two Borders Quiz - Statistics

General Stats
  • This quiz has been taken 17 times
  • The average score is 13 of 24
Answer Stats
Start In Travel Country % Correct
Armenia West Turkey
100%
Peru East Brazil
93%
Kyrgyzstan South Afghanistan
64%
Italy West France
64%
Lebanon South Jordan
64%
Zambia South South Africa
64%
Egypt West Algeria
57%
Argentina North Brazil
57%
Lithuania North Estonia
57%
Guinea North Gambia
57%
Canada South Mexico
57%
Guatemala East Nicaragua
57%
Guyana South Paraguay
57%
Nepal North Russia
57%
Serbia South Albania
50%
Botswana East Mozambique
50%
China South Laos
43%
Slovakia East Moldova
43%
Croatia South Montenegro
43%
Finland West Norway
43%
Denmark South Austria
36%
Brunei East Indonesia
36%
Yemen North Iraq
36%
Liberia North Mali
36%
No matching quizzes found
Score Distribution
Percent of People with Each Score
Percentile by Number Answered
Your Score History
You have not taken this quiz